00960 a2200193 45000010006000000050017000060080041000230030015000640400040000790800040001192450028001590200022001872500011002092640032002203000018002525050372002701000025006428560099006672298320260407155519.0260407a1999 arg spa dAR-UNSa-BCEJYS aAR-UNSa-BCEJYSbspacAR-UNSa-BCEJYS a338.5.01xTeorías de los precios 10aTeoría de los precios a978-970-15-0409-3 a5a. ed 1aMéxico :bAlfaomegac1999 a480 p.c25cm. a1. Definiciones y conceptos básicos - 2. Conceptos de demanda, oferta y equilibrio - 3. Algunas aplicaciones de demanda, oferta y equilibrio - 4. Elasticidades y aplicaciones - 5. Teoría de la demanda - 6. La curva de oferta - 7. El precio y la eficiencia económica con competencia perfecta - 8. El precio y la eficiencia económica con competencia imperfecta.1 aFontaine, Ernesto R.41uhttps://www.biblioeco.unsa.edu.ar/pmb/images/libros/L128213.jpgyImagen de portadaqimage/jpeg